000
00188 a2200097 4500
020
_a
9781589521919
041
_a
spa
100
_a
Lilly, Melinda
245
_a
Mira y la piedra
942
_c
BK
999
_c
11903
_d
11903